| 000 | 006640000a22001210004500 | ||
|---|---|---|---|
| 100 | 1 | _aMelo Velásquez, Hernán A. | |
| 245 | 1 | 0 | _a"Los que dicen que escribir es agradable, o mienten o son malos escritores" |
| 300 | _aVol.0, núm.8 (Mayo, 2006), Páginas 16-17 | ||
| 500 | _aPeriodista. | ||
| 520 | _aArcadia entrevistó en París al escritor belga François Weyergans, ganador del premio Goncourt 2005, que es considerado como el más importante de la literatura en lengua francesa. Aunque poco conocido en español, se trata de uno de los principales escritores francófonos contemporáneos. | ||
| 773 | 0 | _tArcadia / Andrés Felipe Solano, Editor | |
| 942 | _cANA | ||
| 999 |
_c61776 _d61776 |
||